Environmental engineering fundamentals, sustainability, design
Saved in:
| Main Authors: | , |
|---|---|
| Other Authors: | |
| Format: | Book |
| Language: | English |
| Published: |
Hoboken, NJ
Wiley
2014
|
| Edition: | Second edition |
| Subjects: | |
| Online Access: | View in OPAC |
| Tags: |
No Tags, Be the first to tag this record!
|
MARC
| LEADER | 00000cam a2200000 i 4500 | ||
|---|---|---|---|
| 005 | 20260127134343.0 | ||
| 008 | 160302t20142014njuab b 001 0 eng c | ||
| 010 | |a 2014-415566 | ||
| 020 | |a 9781118741498 (hardback : acidfree paper) | ||
| 035 | |a vtls011509346 | ||
| 039 | 9 | |y 201603020910 |z mschk03 | |
| 040 | |a DLC |b eng |e rda |c DLC |d STUSCHK1 | ||
| 042 | |a pcc | ||
| 100 | 1 | |a Mihelcic, James R. | |
| 245 | 1 | 0 | |a Environmental engineering |b fundamentals, sustainability, design |c authors and editors, James R. Mihelcic, University of South Florida, Julie Beth Zimmerman, Yale University ; contributing authors, Martin T. Auer, Michigan Technological University [and 8 others]. |
| 250 | |a Second edition | ||
| 260 | 1 | |a Hoboken, NJ |b Wiley |c 2014 | |
| 300 | |a xxiii, 680 pages |b illustrations |c 26 cm | ||
| 336 | |a text |b txt |2 rdacontent | ||
| 337 | |a unmediated |b n |2 rdamedia | ||
| 338 | |a volume |b nc |2 rdacarrier | ||
| 504 | |a Includes bibliographical references (page 656) and index. | ||
| 650 | 0 | |a Environmental engineering |v Textbooks. | |
| 650 | 0 | |a Sustainable engineering |v Textbooks. | |
| 650 | 0 | |a Sustainable design |v Textbooks. | |
| 700 | 1 | |a Zimmerman, Julie Beth |4 aut |4 edt | |
| 700 | 1 | |a Auer, Martin T. |4 contributing aut | |
| 906 | |a 7 |b cbc |c origcop |d 3 |e ncip |f 20 |g y-gencatlg | ||
| 910 | |a SCHK95 | ||
| 919 | |a 978-1-118-74149-8 | ||
| 925 | 0 | |a acquire |b 1 shelf copy |x policy default | |
| 999 | |c 10630 |d 10630 | ||